000 00797nam a2200253 i 4500
003 DO-SdBNP
005 20250702101800.0
007 ta
008 240917s1993 xxu 000 f spa d
020 _a0446364800
040 _aDO-SdBNP
_bspa
_cBNPHU
_erda
100 1 _aDeMille, Nelson
_d1943-
_eautor
_986600
245 1 4 _aThe general´s daughter /
_cNelson DeMille
264 1 _aNueva York :
_bWarner books,
_c1993.
300 _a464, 14 páginas,
_c18 cm.
336 _2rdacontent
_atexto
_btxt
337 _2rdamedia
_asin mediación
_bn
338 _2rdacarrier
_avolumen
_bnc
500 _aIncluye datos biografícos del autor en la contraportada.
500 _aAutor más vendido del New York Times.
590 _aInventariado, 2024/ YL
910 _aYLockward
942 _2ddc
_cLBS1
999 _c57705
_d57705